000 01288nam a2200313 i 4500
003 EG-GICUC
005 20260206230521.0
008 260206s1939 ua ||||fr|||| 00| 0 ara d
040 _a EG-GICUC
_bara
_c EG-GICUC
_d EG-GICUC
_erda
041 _aara
082 0 4 _221
_a343.3
_bع ل . م
092 0 4 _221
099 _aLaw1 10 343.3 ع ل . م1939
100 0 _aعلي زكي العرابى باشا
_eمؤلف.
245 1 2 _aالمبادئ الأساسية للتحقيقات والإجراءات الجنائية /
_cتأليف علي زكي العرابى باشا.
_nالجزء الثانى،
264 1 _aالقاهرة :
_bمطبعة لجنة التأليف للترجمة والنشر،
_c1939.
300 _a748 صفحة ;
_c24 سم.
_bإيضاحيات، صور، مثيليات ؛
336 _2rda content
_atext
337 _2rda media
_aComputer
338 _2rda carrier
_aOnline Resource
504 _aيشتمل على إرجاعات ببليوجرافية.
546 _aالنص باللغة العربية
650 1 _aالقانون الجنائي
_2qrmak
650 1 _aقانون الإجراءات الجنائية
_2qrmak
651 1 _2qrmak
856 4 0 _uhttps://fll.law.cu.edu.eg/fulltext/bks/B10-03188.pdf
905 _a43
942 _2ddc
_n0
_cBK
_e21
999 _c61442
_d61442